000 00437nam a2200157 i 4500
001 79634
003 ES-MaACL
005 20230906174023.0
007 t|
008 041022s1972 sp ||||1| spa d
100 1 _aHernández Alvarez, Manuel.
_962879
245 1 0 _aCrecer como personas /
_cM. Hernández Alvarez.
260 _a[Algosta (Vizcaya) :
_bZero,
_c1972]
300 _a128 p. ;
_c17 cm.
852 _aES-MaACL
_jC-52775
_bR.84060
999 _c79634
_d79634